000 00518nam a22001817a 4500
003 MPLRDC
005 20220104200602.0
008 210129b ||||| |||| 00| 0 eng d
020 _a978-957-13-6564-0
082 _a785.28 BOL
100 _a凯特·柏力克 KATE BOLICK
245 _a我是盛女
_c杨孟华 译
250 _a初版一刷
260 _a台湾
_b时报文化出版企业股份有限公司
_c2016
300 _b
650 _a美国传记--柏力克 (BOLICK, KATE)
942 _cBK
_o785.28 BOL
999 _c66771
_d66761